Nové aktivity

Bibliographic Details
Main Author: Harmaniak, Ivan, 1933- (Author)
Format: Article
Language:Slovak
Subjects:

MARC

LEADER 00000nab a2200000 a 4500
001 vtls000148803
003 SK-MaSNL
005 20260426075152.0
008 250423c1983 xo 0 slo
015 |a SNBRB19rr/mm-uuuuu 
035 |a CL0158910 
035 |a urn:nbn:sk:snk-abbc7p 
035 |a (urnnbn)urn:nbn:sk:snk:ar-00580f 
035 |a (uuid)d1775af5-0169-4897-ab03-e04d2b9b6076 
040 |a SNKBUCL  |b slo  |c SNKBUCL  |e AACR2 
041 0 |a slo 
044 |a xo  |c SK 
080 |a 62.001.7  |2 1981 
080 |a 608  |2 1981 
080 |a 061.2(437.6-25)  |2 1981 
100 1 |a Harmaniak, Ivan,  |d 1933-  |4 aut  |9 120200 
245 1 0 |a Nové aktivity  |c Ivan Harmaniak 
610 2 7 |a Československá vedecko-technická spoločnosť  |2 snkbucl  |9 440198 
650 0 7 |a vedecko-technický rozvoj  |2 snkbucl  |9 3999 
651 7 |a Bratislava (Slovensko)  |2 snkbucl  |9 14568 
655 7 |a články z novín a časopisov  |2 snkbucl  |9 267496 
773 0 |t Technická práca  |g Roč. 35, č. 4 (1983), s. 59-60 
850 |a Slovenská národná knižnica 
852 |a Slovenská národná knižnica 
954 |a odborná, vedecká literatúra pôvodná (slovenská)  |2 lita 
957 |a 5100 
958 |a article15 
958 |a RK 
958 |a OND 
958 |a EUIPO 
992 |a RBX 
999 |c 2764613  |d 2766543